[Event "Tourn. n8253"]
[Site "www.chess-mail.com"]
[Date "2015.07.20"]
[Round "1"]
[White "Culiflori"]
[Black "A27l"]
[WhiteElo "999"]
[BlackElo "1130"]
[Result "1-0"]
[Round "1"]
1.e4 e5
2.Ng1f3 d6
3.d4 Nb8c6
4.dxe5 Nc6xe5
5.Nf3xe5 dxe5
6.Qd1xd8 Kxd8
7.Bf1c4 Bc8e6
8.Bc4xe6 fxe6
9.Bc1g5 Bf8e7
10.Bg5xe7 Ng8xe7
11.Nb1c3 c6
12.O-O-O Kc7
13.Nc3a4 Ra8d8
14.Na4c5 Rd8xd1
15.Rh1xd1 Kb6
16.Nc5xe6 Ne7g6
17.Ne6xg7 Rh8g8
18.Ng7f5 Rg8f8
19.Rd1d7 h5
20.h4 a6
21.Rd7h7 Ng6f4
22.g3 Nf4e6
23.Rh7xh5 Rf8g8
24.Rh5h6 Ne6d4
25.Nf5xd4 exd4
26.Kd2 Kc7
27.Kd3 c5
28.Rh6h7 Kc6
29.Rh7h6 Kc7
30.h5 Rg8f8
31.f4 Rf8f7
{ time. }
1-0

[Event "Tourn. n8182"]
[Site "www.chess-mail.com"]
[Date "2015.07.20"]
[Round "1"]
[White "Masterchess"]
[Black "Julian"]
[WhiteElo "1860"]
[BlackElo "1960"]
[Result "0-1"]
[Round "1"]
1.d4 Ng8f6
2.c4 d6
3.Nb1c3 g6
4.e4 Bf8g7
5.h3 O-O
6.g4 c6
7.Bf1g2 Qd8c7
8.Ng1e2 Nb8d7
9.Bc1e3 e5
10.d5 Nf6e8
11.Ne2g3 f5
12.gxf5 gxf5
13.Ng3xf5 Rf8xf5
14.exf5 Nd7f6
15.dxc6 bxc6
16.Qd1c2 d5
17.cxd5 cxd5
{ resign }
0-1

[Event "Tourn. n8261"]
[Site "www.chess-mail.com"]
[Date "2015.07.20"]
[Round "1"]
[White "Iko"]
[Black "Goodwill"]
[WhiteElo "1480"]
[BlackElo "1499"]
[Result "0-1"]
[Round "1"]
1.e4 c5
2.e5 d5
3.d4 e6
4.f4 Nb8c6
5.Bf1b5 cxd4
6.Bb5xc6 bxc6
7.Qd1xd4 Qd8b6
8.Bc1e3 c5
9.Qd4a4 Bc8d7
10.Qa4a3 Ng8h6
11.Nb1c3 d4
12.Nc3a4 Qb6a5
13.Be3d2 Qa5xa4
14.Qa3xa4 Bd7xa4
15.b3 Ba4c6
16.Bd2a5 Bc6xg2
17.Kf2 Bg2xh1
18.Ng1f3 Bh1xf3
19.Kxf3 Bf8e7
20.Ra1g1 Nh6f5
21.a4 O-O
22.Ba5c7 Rf8c8
23.Bc7a5 Nf5e3
24.Rg1c1 f6
25.exf6 gxf6
26.c4 Ra8b8
27.Rc1g1 Kf7
28.Rg1g3 Rb8xb3
29.h4 Ne3xc4
30.Kg4 Rb3xg3
31.Kxg3 Nc4xa5
32.Kg4 f5
33.Kh5 h6
34.Kxh6 Rc8h8

0-1

[Event "Tourn. n8244"]
[Site "www.chess-mail.com"]
[Date "2015.07.20"]
[Round "1"]
[White "Woodpusher2"]
[Black "Pgcbies"]
[WhiteElo "2610"]
[BlackElo "2680"]
[Result "1/2-1/2"]
[Round "1"]
1.d4 Ng8f6
2.c4 e6
3.Nb1c3 Bf8b4
4.e3 O-O
5.Ng1e2 d5
6.a3 Bb4e7
7.cxd5 exd5
8.g3 Nb8d7
9.Bf1g2 Nd7b6
10.O-O Rf8e8
11.Qd1d3 a5
12.e4 dxe4
13.Nc3xe4 Nf6xe4
14.Bg2xe4 g6
15.Ne2f4 Be7f6
16.Bc1e3 c6
17.Rf1e1 Bc8g4
18.h3 Bg4d7
19.Ra1d1 Bd7e6
20.Nf4xe6 Re8xe6
21.h4 Qd8d7
22.h5 Ra8e8
23.Be4f3 Re6e7
{ draw }
1/2-1/2

[Event "Tourn. n8281"]
[Site "www.chess-mail.com"]
[Date "2015.07.20"]
[Round "1"]
[White "A27l"]
[Black "Culiflori"]
[WhiteElo "1130"]
[BlackElo "999"]
[Result "0-1"]
[Round "1"]
1.e4 c5
2.d3 Nb8c6
3.Ng1f3 d6
4.g3 g6
5.Bf1g2 Bf8g7
6.O-O Bc8g4
7.c3 e6
8.h3 Bg4xf3
9.Qd1xf3 Ng8e7
10.Bc1e3 O-O
11.Nb1d2 Nc6e5
12.Qf3e2 Qd8c7
13.Ra1b1 Ne7c6
14.Nd2f3 Ne5xf3
15.Qe2xf3 Nc6e5
16.Qf3e2 Qc7a5
17.a3 Ra8b8
18.b4 cxb4
19.axb4 { time. }
0-1

[Event "Tourn. n8195"]
[Site "www.chess-mail.com"]
[Date "2015.07.20"]
[Round "1"]
[White "Anja"]
[Black "Cyrilgeorge"]
[WhiteElo "1680"]
[BlackElo "1699"]
[Result "1-0"]
[Round "1"]
1.d4 d5
2.Ng1f3 Nb8c6
3.Bc1f4 Ng8f6
4.e3 Nf6e4
5.c4 e6
6.Nb1c3 Bf8b4
7.Ra1c1 Bb4xc3
8.bxc3 O-O
9.cxd5 exd5
10.Bf1d3 Bc8g4
11.h3 Bg4xf3
12.Qd1xf3 f5
13.O-O Nc6e7
14.c4 c6
15.cxd5 cxd5
16.Rc1c7 b6
17.Rf1c1 Ra8c8
18.Bf4e5 Rc8xc7
19.Rc1xc7 a5
20.Bd3xe4 dxe4
21.Qf3g3 g6
22.Qg3h4 Ne7c8
23.Qh4xh7 { resign }
1-0

[Event "Tourn. n8215"]
[Site "www.chess-mail.com"]
[Date "2015.07.20"]
[Round "1"]
[White "Anja"]
[Black "Neo"]
[WhiteElo "1780"]
[BlackElo "1680"]
[Result "0-1"]
[Round "1"]
1.d4 d5
2.Ng1f3 Ng8f6
3.Bc1f4 e6
4.e3 Nf6e4
5.Bf1d3 Bf8d6
6.O-O Bd6xf4
7.exf4 O-O
8.Bd3xe4 dxe4
9.Nf3g5 Qd8d5
10.Nb1c3 Qd5f5
11.Qd1d2 b6
12.Ng5xe4 Bc8b7
13.Rf1e1 Nb8d7
14.Ne4g3 Qf5g6
15.Nc3e4 Nd7f6
16.Ne4xf6 Qg6xf6
17.c3 Ra8d8
18.Ng3e4 Qf6f5
19.f3 c5
 { time }
0-1

[Event "Tourn. n8134"]
[Site "www.chess-mail.com"]
[Date "2015.07.20"]
[Round "1"]
[White "Anja"]
[Black "Easychess"]
[WhiteElo "1690"]
[BlackElo "1500"]
[Result "0-1"]
[Round "1"]
1.d4 Ng8f6
2.Ng1f3 g6
3.Bc1f4 Bf8g7
4.c4 d6
5.Nb1c3 c6
6.Qd1d2 O-O
7.e4 Qd8c7
8.Bf1d3 Bc8g4
9.Bf4h6 e5
10.Bh6xg7 Kxg7
11.h3 Bg4xf3
12.gxf3 Nb8d7
13.O-O-O exd4
14.Nc3e2 c5
15.h4 Nd7e5
16.f4 Ne5xd3
17.Qd2xd3 a6
18.f5 b5
19.fxg6 hxg6
20.Ne2f4 Rf8h8
21.Rd1g1 Ra8b8
22.h5 bxc4
23.Qd3g3 Qc7b7
24.hxg6 Qb7xb2
25.Kd1 Qb2b1
26.Ke2 Rb8b2
27.Kf3 Qb1xe4
{ resign }
0-1

[Event "Tourn. n8221"]
[Site "www.chess-mail.com"]
[Date "2015.07.20"]
[Round "1"]
[White "Eusegon"]
[Black "Difficult"]
[WhiteElo "2050"]
[BlackElo "2030"]
[Result "1-0"]
[Round "1"]
1.d4 d5
2.Bc1f4 Ng8f6
3.e3 c6
4.Ng1f3 Bc8g4
5.h3 Bg4xf3
6.Qd1xf3 e6
7.Bf1d3 Bf8d6
8.O-O O-O
9.c4 Bd6xf4
10.Qf3xf4 dxc4
11.Bd3xc4  { time }
1-0

[Event "Tourn. n8307"]
[Site "www.chess-mail.com"]
[Date "2015.07.20"]
[Round "1"]
[White "Bojan"]
[Black "Neo"]
[WhiteElo "1890"]
[BlackElo "1720"]
[Result "1-0"]
[Round "1"]
1.e4 e5
2.Ng1f3 d6
3.d4 exd4
4.Nf3xd4 g6
5.c3 Bf8g7
6.Bc1e3 Ng8f6
7.Bf1d3 O-O
8.Nb1d2 Bc8g4
9.f3 Bg4d7
10.Nd2b3 b6
11.Qd1d2 c5
12.Nd4e2 Bd7c6
13.Ne2g3 Nb8d7
14.h4 Nd7e5
15.Bd3c2 Ne5c4
16.Qd2c1 d5
17.Be3g5 Qd8d6
18.exd5 Nf6xd5
19.Kf2 Bg7e5
20.Ng3e4 Qd6e6
21.Nb3d2 Nc4e3
22.Bg5xe3 Nd5xe3
23.Kxe3 Be5g3
24.Rh1h3 Bg3e5
25.Kf2 Ra8d8
26.h5 Qe6f5
27.hxg6 hxg6
28.Qc1h1 Be5f4
29.Rh3h8 Kg7
30.Qh1h7 
1-0

[Event "Tourn. n8308"]
[Site "www.chess-mail.com"]
[Date "2015.07.20"]
[Round "1"]
[White "Bojan"]
[Black "Picifarkinca"]
[WhiteElo "1890"]
[BlackElo "1820"]
[Result "1-0"]
[Round "1"]
1.e4 c6
2.d4 d5
3.exd5 Qd8xd5
4.Nb1c3 Qd5a5
5.Bc1d2 Ng8f6
6.Nc3e4 Qa5f5
7.Ne4xf6 Qf5xf6
8.c3 Bc8f5
9.Bf1c4 e6
10.Ng1f3 Qf6g6
11.Nf3h4 Qg6g4
12.Qd1xg4 Bf5xg4
13.f3 Bg4h5
14.g4 Bf8e7
15.Nh4g2 Bh5g6
16.Ng2f4 Nb8d7
17.h4 Bg6c2
18.b3 h5
19.Nf4xh5 Kf8
20.g5 Rh8xh5
21.f4 Bc2e4
22.Rh1h2 g6
23.Bc4e2 Rh5h8
24.Kf2 Kg7
25.c4 Ra8d8
26.Ke3 Be4f5
27.Bd2c3 f6
28.Ra1g1 Kf7
29.c5 e5
30.b4 exf4
31.Kxf4 Be7d6
32.cxd6 Nd7b6
33.gxf6 Nb6d5
34.Kg5 Nd5xc3
35.Be2c4 Nc3d5
36.h5 Rd8xd6
37.hxg6 { resign }
1-0

[Event "Tourn. n8235"]
[Site "www.chess-mail.com"]
[Date "2015.07.20"]
[Round "1"]
[White "Winterlude"]
[Black "Rons"]
[WhiteElo "2520"]
[BlackElo "2540"]
[Result "0-1"]
[Round "1"]
1.e4 c5
2.Ng1f3 d6
3.Bf1b5 Bc8d7
4.Bb5xd7 Qd8xd7
5.O-O Nb8c6
6.Qd1e2 Ng8f6
7.Rf1d1 g5
8.c3 g4
9.Nf3h4 O-O-O
10.d4 d5
11.e5 Nf6e4
12.Nb1d2 Ne4xd2
13.Bc1xd2 cxd4
14.cxd4 Rh8g8
15.Bd2f4 e6
16.g3 Bf8e7
17.Nh4g2 Qd7c7
18.Qe2d3 Qc7b6
19.a3 a6
20.Ra1b1 Rg8g7
21.Bf4h6 Rg7g6
 { time }
0-1

[Event "Tourn. n8189"]
[Site "www.chess-mail.com"]
[Date "2015.07.20"]
[Round "1"]
[White "Colchester"]
[Black "Falcoale"]
[WhiteElo "1970"]
[BlackElo "1810"]
[Result "0-1"]
[Round "1"]
1.d4 Ng8f6
2.c4 e6
3.Ng1f3 b6
4.a3 Bc8b7
5.Nb1c3 d5
6.e3 c6
7.cxd5 cxd5
8.Bf1b5 Bb7c6
9.Bb5xc6 Nb8xc6
10.O-O Bf8e7
11.Qd1a4 Ra8c8
12.Bc1d2 O-O
13.Ra1c1 Nc6a5
14.Nf3e5 Na5c4
15.Ne5xc4 Rc8xc4
16.Qa4b3 Nf6g4
17.h3 { time. }
0-1

[Event "Tourn. n8158"]
[Site "www.chess-mail.com"]
[Date "2015.07.20"]
[Round "1"]
[White "Anja"]
[Black "Oliverio"]
[WhiteElo "1670"]
[BlackElo "1610"]
[Result "0-1"]
[Round "1"]
1.Ng1f3 d5
2.d4 Ng8f6
3.Bc1f4 Bc8f5
4.e3 e6
5.Nb1d2 Nb8d7
6.c4 c6
7.Nf3e5 Bf8d6
8.Nd2f3 O-O
9.Ne5xc6 bxc6
10.Bf4xd6 Rf8e8
11.Bf1d3 Nf6e4
12.Bd6f4 Qd8a5
13.Nf3d2 Ne4xf2
14.Kxf2 Bf5xd3
15.Nd2b3 Qa5a4
16.Qd1xd3 dxc4
17.Qd3c3 cxb3
18.axb3 Qa4b5
19.Bf4d6 Nd7f6
20.Ra1a5 Nf6e4
21.Kf3 Ne4xc3
22.Ra5xb5 Nc3xb5
23.Bd6c5 e5
24.Rh1c1 exd4
25.Bc5xd4 Nb5xd4
26.exd4 Re8e6
27.g3 Ra8b8
28.Rc1c3 Kf8
29.h4 Rb8b4
 { time }
0-1

[Event "Tourn. n8215"]
[Site "www.chess-mail.com"]
[Date "2015.07.20"]
[Round "1"]
[White "Pariolinius"]
[Black "Neo"]
[WhiteElo "1750"]
[BlackElo "1680"]
[Result "0-1"]
[Round "1"]
1.d4 d5
2.c4 dxc4
3.Nb1c3 c6
4.a4 a6
5.Bc1f4 Nb8d7
6.e4 b5
7.Ng1f3 e6
8.Bf1e2 Bf8b4
9.O-O Ng8e7
10.axb5 Bb4xc3
11.bxc3 cxb5
12.Nf3g5 O-O
13.Be2f3 Ra8a7
14.Qd1c2 Ne7g6
15.Bf4e3 Ng6h4
16.Bf3e2 h6
17.Ng5f3 Nh4xf3
18.Be2xf3 Ra7c7
19.Be3f4 Rc7c6
20.e5 Rc6b6
21.Kh1 Qd8h4
22.Bf4g3 Qh4g5
23.Rf1g1 Nd7b8
24.h4 Qg5e7
25.Qc2e4 Bc8b7
26.Qe4e3 b4
27.Ra1b1 b3
28.Bg3f4 Qe7xh4
29.Bf4h2 a5
30.Bf3xb7 Rb6xb7
31.Qe3f3 Rb7b5
32.g3 Qh4h3
33.Qf3e4 Rb5b6
34.Rb1a1 Nb8c6
35.Qe4h4 Qh3f5
36.f4 b2
37.Ra1b1 Qf5e4
{ resign }
0-1

[Event "Tourn. n8191"]
[Site "www.chess-mail.com"]
[Date "2015.07.20"]
[Round "1"]
[White "Anja"]
[Black "Albertf"]
[WhiteElo "1670"]
[BlackElo "1710"]
[Result "0-1"]
[Round "1"]
1.d4 d5
2.Ng1f3 Ng8f6
3.Bc1f4 g6
4.e3 Bf8g7
5.c4 c6
6.Nb1d2 Qd8a5
7.Bf1d3 Nb8d7
8.O-O O-O
9.a3 dxc4
10.Nd2xc4 Qa5d8
11.Ra1c1 b5
12.Nc4e5 Bc8b7
13.Ne5xc6 Qd8b6
14.Nc6xe7 Kh8
15.Qd1b3 Ra8e8
16.Ne7xg6 fxg6
17.Nf3g5 Bb7d5
18.Qb3d1 Qb6b7
19.Rc1c7 Qb7a8
20.e4 Bd5e6
21.d5 Be6g4
22.f3 Bg4h5
23.g4 Bh5xg4
 { time }
0-1

[Event "Tourn. n8185"]
[Site "www.chess-mail.com"]
[Date "2015.07.20"]
[Round "1"]
[White "Chessfan"]
[Black "Dorulristea"]
[WhiteElo "2370"]
[BlackElo "2860"]
[Result "1-0"]
[Round "1"]
1.d4 Ng8f6
2.c4 g6
3.Nb1c3 d5
4.cxd5 Nf6xd5
5.e4 Nd5xc3
6.bxc3 Bf8g7
7.Bf1c4 c5
8.Ng1e2 O-O
9.O-O Nb8c6
10.Bc1e3 e6
11.Ra1c1 Qd8c7
12.Qd1d2 a6
13.Be3h6 Bg7xh6
14.Qd2xh6 b5
15.Bc4b3 Rf8d8
16.Rf1d1 Bc8b7
17.Rd1d3 c4
18.Rd3h3 f6
19.Bb3c2 Qc7g7
20.Qh6e3 Rd8d7
21.Rh3g3 Kh8
22.h4 Ra8g8
23.a4 b4
24.cxb4 Nc6xb4
25.h5 g5
26.Bc2b1 a5
27.Rc1xc4 Bb7a6
28.Rc4c5 Ba6xe2
29.Qe3xe2 Rd7xd4
30.Rg3c3 h6
31.Kh2 Rg8a8
32.Qe2b5 Qg7f8
33.Rc5c7 Qf8e8
34.Qb5b7 Qe8b8
35.Qb7xb8 Ra8xb8
36.Rc7f7  { time }
1-0

[Event "Tourn. n8185"]
[Site "www.chess-mail.com"]
[Date "2015.07.20"]
[Round "1"]
[White "Chessfan"]
[Black "Stepanpech"]
[WhiteElo "2370"]
[BlackElo "2410"]
[Result "1-0"]
[Round "1"]
1.e4 c6
2.d4 d5
3.Nb1c3 dxe4
4.Nc3xe4 Bc8f5
5.Ne4g3 Bf5g6
6.h4 h6
7.Ng1f3 Nb8d7
8.h5 Bg6h7
9.Bf1d3 Bh7xd3
10.Qd1xd3 e6
11.Bc1d2 Ng8f6
12.O-O-O Qd8c7
13.Ng3e4 O-O-O
14.g3 Nf6xe4
15.Qd3xe4 Bf8d6
16.Kb1 Nd7f6
17.Qe4e2 Rh8e8
18.c4 c5
19.Bd2c3 cxd4
20.Nf3xd4 a6
{ time. }
1-0

[Event "Tourn. n8266"]
[Site "www.chess-mail.com"]
[Date "2015.07.20"]
[Round "1"]
[White "Goodwill"]
[Black "A27l"]
[WhiteElo "1499"]
[BlackElo "1130"]
[Result "0-1"]
[Round "1"]
1.d4 d5
2.c4 c6
3.Nb1c3 e6
4.e4 Bf8e7
5.e5 g6
6.Qd1c2 Be7f8
7.Ng1f3 Bf8g7
8.b3 Ng8e7
9.Bf1d3 O-O
10.O-O f5
11.Bc1a3 Bc8d7
12.h4 Rf8e8
13.Ba3xe7 Qd8xe7
14.Nc3e2 Re8f8
15.Ne2f4 Bd7e8
16.a4 a6
17.a5 Qe7d7
{ resign }
0-1

[Event "Tourn. n8179"]
[Site "www.chess-mail.com"]
[Date "2015.07.20"]
[Round "1"]
[White "Genius7"]
[Black "Anja"]
[WhiteElo "1800"]
[BlackElo "1640"]
[Result "0-1"]
[Round "1"]
1.c4 e5
2.Nb1c3 Nb8c6
3.g3 g6
4.Bf1g2 d6
5.d3 Bf8g7
6.Ng1f3 f5
7.O-O Bc8e6
8.Nf3g5 Qd8d7
9.Ng5xe6 Qd7xe6
10.Nc3d5 O-O-O
11.a3 Ng8e7
12.Nd5xe7 Nc6xe7
13.Qd1b3 e4
14.dxe4 fxe4
15.f3 exf3
16.Bg2xf3 Ne7c6
17.Bf3xc6 bxc6
18.Bc1e3 Rd8e8
19.Be3xa7 Qe6xe2
 { time }
0-1

[Event "Tourn. n8150"]
[Site "www.chess-mail.com"]
[Date "2015.07.20"]
[Round "1"]
[White "Falcoale"]
[Black "Cardiff"]
[WhiteElo "1990"]
[BlackElo "1970"]
[Result "1-0"]
[Round "1"]
1.e4 d5
2.exd5 Qd8xd5
3.Nb1c3 Qd5a5
4.d4 c6
5.Ng1f3 Bc8f5
6.Bc1d2 e6
7.h3 Ng8f6
8.Bf1e2 Bf8e7
9.O-O O-O
10.Rf1e1 Qa5c7
11.Nf3e5 Nb8d7
12.Bd2f4 Nd7xe5
13.Bf4xe5 Qc7d8
14.Be2f3 Be7d6
15.Be5xf6 Qd8xf6
16.Nc3e4 Bf5xe4
17.Bf3xe4 Ra8d8
18.c3 Rf8e8
19.Re1e3 g6
20.Re3f3 Qf6g7
21.Qd1c2 e5
22.dxe5 Bd6xe5
23.Ra1d1 Rd8xd1
24.Qc2xd1  { time }
1-0

[Event "Tourn. n8150"]
[Site "www.chess-mail.com"]
[Date "2015.07.20"]
[Round "1"]
[White "Samael"]
[Black "Falcoale"]
[WhiteElo "2110"]
[BlackElo "1990"]
[Result "0-1"]
[Round "1"]
1.e4 c5
2.Ng1f3 Nb8c6
3.Nb1c3 e6
4.d3 b6
5.a3 Bc8b7
6.Bc1e3 Ng8f6
7.h3 d5
8.exd5 Nf6xd5
9.Nc3xd5 exd5
10.Bf1e2 d4
11.Be3d2 Bf8d6
12.O-O O-O
13.Rf1e1 Nc6e5
14.Nf3xe5 Bd6xe5
15.Be2f3 Bb7xf3
16.Qd1xf3 Qd8c7
17.Re1e2 f5
18.Qf3d5 Kh8
19.Qd5xe5 Qc7c6
20.Ra1e1 h6
21.Qe5e6 Qc6xe6
22.Re2xe6 Kg8
23.Bd2f4 b5
24.Bf4d6 Rf8c8
25.Re6e5 c4
26.Re5xb5 cxd3
27.cxd3 a6
28.Rb5xf5 Rc8c2
29.b4 Rc2c3
30.Rf5e5 Rc3xd3
31.Re5e8 Ra8xe8
32.Re1xe8 Kf7
33.Re8e7 Kf6
34.a4 Rd3d1
35.Kh2 d3
36.Re7d7 g6
37.Bd6f4 g5
38.Bf4e3 Rd1b1
 { time }
0-1

[Event "Tourn. n8043"]
[Site "www.chess-mail.com"]
[Date "2015.07.20"]
[Round "1"]
[White "Julian"]
[Black "Colchester"]
[WhiteElo "1950"]
[BlackElo "1870"]
[Result "0-1"]
[Round "1"]
1.e4 e5
2.Ng1f3 d6
3.d4 exd4
4.Nf3xd4 Ng8f6
5.Nb1c3 Bf8e7
6.Bf1c4 O-O
7.O-O c6
8.f3 Nb8d7
9.Bc1e3 Nd7e5
10.Bc4e2 Qd8c7
11.Qd1d2 Qc7d7
12.Nd4f5 Qd7c7
13.Nf5xe7 Qc7xe7
14.Ra1d1 Rf8d8
15.Be3g5 h6
16.Bg5h4 Ne5g6
17.Bh4f2 Bc8e6
18.f4 Ng6f8
19.Be2f3 d5
20.exd5 Nf6xd5
21.Nc3xd5 Be6xd5
22.Bf3xd5 Rd8xd5
23.Qd2c3 Ra8d8
24.Rd1xd5 Rd8xd5
25.Bf2xa7 Nf8d7
26.f5 Nd7e5
27.f6 gxf6
28.Qc3g3 Ne5g6
29.c3 Rd5g5
30.Qg3b8 Kg7
31.Ba7d4 Ng6e5
32.a4 Qe7d7
33.b4 Qd7h3
34.Rf1f2 Ne5f3
35.Kf1 Nf3xh2
36.Ke1 Qh3e6
37.Kd2 Nh2g4
38.Rf2e2 Qe6a2
39.Kd3 Qa2xa4
40.Re2e8 Qa4d1
41.Ke4 Qd1c2
42.Kf4 Qc2f5
43.Kg3 Ng4e3
44.Kh2 Rg5xg2
{ resign }
0-1

[Event "Tourn. n8223"]
[Site "www.chess-mail.com"]
[Date "2015.07.20"]
[Round "1"]
[White "Amaya"]
[Black "Churrasca"]
[WhiteElo "1980"]
[BlackElo "2100"]
[Result "0-1"]
[Round "1"]
1.d4 Ng8f6
2.e3 d5
3.Bf1d3 Nb8c6
4.c3 e6
5.Nb1d2 Bf8d6
6.f4 O-O
7.Ng1f3 Nc6e7
8.O-O c5
9.Nf3e5 Qd8c7
10.Qd1f3 c4
11.Bd3c2 b5
12.a3 a5
13.g4 Bc8b7
14.g5 Nf6e8
15.Qf3h3 g6
16.Qh3h6 Bd6xe5
17.dxe5 Ne8g7
18.Rf1f3 Ng7f5
19.Qh6h3 d4
20.exd4 Bb7xf3
21.Nd2xf3 Ne7d5
22.Bc2xf5 exf5
23.Bc1d2 b4
24.axb4 axb4
25.cxb4 Ra8xa1
26.Kf2 Ra1a2
27.Bd2c1 c3
28.Kg3 cxb2
29.Bc1xb2 Ra2xb2
{ resign }
0-1

[Event "Tourn. n8218"]
[Site "www.chess-mail.com"]
[Date "2015.07.20"]
[Round "1"]
[White "Cardiff"]
[Black "Libiesse"]
[WhiteElo "2010"]
[BlackElo "2030"]
[Result "0-1"]
[Round "1"]
1.d4 d5
2.Nb1c3 e6
3.e4 Bf8e7
4.exd5 exd5
5.Ng1f3 Ng8f6
6.Bf1d3 O-O
7.O-O Bc8g4
8.h3 Bg4h5
9.Bd3e2 c6
10.Nf3e5 Bh5xe2
11.Qd1xe2 Rf8e8
12.Qe2d3 Nb8a6
13.a3 Be7d6
 { time }
0-1

[Event "Tourn. n8246"]
[Site "www.chess-mail.com"]
[Date "2015.07.20"]
[Round "1"]
[White "Gatoss"]
[Black "Andychesston"]
[WhiteElo "1940"]
[BlackElo "1890"]
[Result "0-1"]
[Round "1"]
1.d4 d5
2.c4 Nb8c6
3.Ng1f3 Ng8f6
4.e3 Bc8g4
5.cxd5 Nf6xd5
6.h3 Bg4h5
7.Bf1e2 f6
8.Nf3h2 Bh5g6
9.Nb1c3 Nd5xc3
10.bxc3 e5
11.d5 Nc6b8
12.O-O Bf8d6
13.c4 Nb8d7
 { time }
0-1

[Event "Tourn. n8178"]
[Site "www.chess-mail.com"]
[Date "2015.07.20"]
[Round "1"]
[White "Bigoak"]
[Black "Knightjumper"]
[WhiteElo "1940"]
[BlackElo "1810"]
[Result "1-0"]
[Round "1"]
1.e4 Ng8f6
2.Nb1c3 d6
3.d4 g6
4.Bc1e3 Bf8g7
5.Bf1c4 O-O
6.Qd1d2 c6
7.f3 Qd8c7
8.Ng1e2 e5
9.d5 a6
10.O-O b5
11.Bc4b3 c5
12.a3 Bc8b7
13.Be3h6 Nb8d7
14.Ne2g3 c4
15.Bb3a2 Bg7xh6
16.Qd2e2 Bh6f4
17.Qe2f2 Qc7c5
18.Qf2xc5 Nd7xc5
19.b3 cxb3
20.cxb3 Bf4xg3
21.hxg3 Ra8c8
22.Nc3e2 Nc5d7
23.b4 Rc8c2
24.Rf1e1 Rf8c8
25.Kf1 Nd7b6
26.Re1c1 Rc2xc1
27.Ra1xc1  { time }
1-0

[Event "Tourn. n8213"]
[Site "www.chess-mail.com"]
[Date "2015.07.20"]
[Round "1"]
[White "Szustan"]
[Black "Neverless"]
[WhiteElo "2620"]
[BlackElo "2660"]
[Result "1-0"]
[Round "1"]
1.e4 c5
2.c3 Ng8f6
3.e5 Nf6d5
4.d4 cxd4
5.Ng1f3 Nb8c6
6.Bf1c4 Nd5b6
7.Bc4b3 d5
8.cxd4 Bc8g4
9.Bc1e3 e6
10.O-O Ra8c8
11.h3 Bg4h5
12.Nb1d2 Bf8e7
13.a3 O-O
14.Bb3c2 Nb6c4
15.Qd1b1 Bh5g6
16.Bc2xg6 hxg6
17.Nd2xc4 b5
18.Nc4d6 { resign }
1-0

[Event "Tourn. n8217"]
[Site "www.chess-mail.com"]
[Date "2015.07.20"]
[Round "1"]
[White "Scasan55"]
[Black "Hdr"]
[WhiteElo "1930"]
[BlackElo "1889"]
[Result "1-0"]
[Round "1"]
1.e4 e6
2.d4 d5
3.e5 c5
4.c3 Nb8c6
5.Ng1f3 Qd8b6
6.Bf1e2 cxd4
7.cxd4 Ng8h6
8.Bc1xh6 Qb6xb2
9.Bh6xg7 Bf8xg7
10.Nb1d2 Nc6xd4
11.Nf3xd4 { resign }
1-0

[Event "Tourn. n8288"]
[Site "www.chess-mail.com"]
[Date "2015.07.20"]
[Round "1"]
[White "Vinvangogh"]
[Black "A27l"]
[WhiteElo "1480"]
[BlackElo "1130"]
[Result "1-0"]
[Round "1"]
1.e4 e5
2.Ng1f3 d6
3.Nb1c3 c6
4.d4 Bf8e7
5.Bf1c4 h6
6.dxe5 dxe5
7.Qd1xd8 Be7xd8
8.Nf3xe5 Bc8e6
9.Bc4b3 Be6xb3
10.axb3 Ng8f6
{ time. }
1-0

[Event "Tourn. n8224"]
[Site "www.chess-mail.com"]
[Date "2015.07.20"]
[Round "1"]
[White "Comrade"]
[Black "Hali"]
[WhiteElo "2090"]
[BlackElo "2090"]
[Result "0-1"]
[Round "1"]
1.c4 c6
2.d4 d5
3.e3 Ng8f6
4.Nb1c3 e6
5.Bf1d3 dxc4
6.Bd3xc4 b5
7.Bc4d3 a6
8.Ng1e2 { time. }
0-1

[Event "Tourn. n8139"]
[Site "www.chess-mail.com"]
[Date "2015.07.20"]
[Round "1"]
[White "Gorgo"]
[Black "Tartan"]
[WhiteElo "2360"]
[BlackElo "2390"]
[Result "1/2-1/2"]
[Round "1"]
1.d4 Ng8f6
2.c4 e6
3.Ng1f3 Bf8b4
4.Bc1d2 Bb4xd2
5.Qd1xd2 O-O
6.Nb1c3 d5
7.e3 Qd8e7
8.Bf1d3 dxc4
9.Bd3xc4 Rf8d8
10.Ra1d1 a6
11.e4 b5
12.Bc4d3 Bc8b7
13.d5 exd5
14.Bd3e2 Nf6xe4
15.Nc3xe4 Qe7xe4
16.O-O Nb8c6
17.a3 Nc6e5
18.Rd1e1 Ne5g6
19.Be2d3 Qe4g4
20.h3 Qg4d7
21.Bd3xg6 hxg6
22.Qd2d4 Rd8e8
23.Re1xe8 Ra8xe8
24.Rf1c1 Re8e4
25.Qd4a7 c6
26.Qa7b6 Qd7e7
27.b4 f6
28.Nf3d2 Re4e1
29.Rc1xe1 Qe7xe1
30.Nd2f1 Qe1e7
31.Nf1d2 Qe7e1
32.Nd2f1 Qe1e7
33.Nf1d2 Qe7e1
{ draw }
1/2-1/2

[Event "Tourn. n8215"]
[Site "www.chess-mail.com"]
[Date "2015.07.20"]
[Round "1"]
[White "Neo"]
[Black "Generalfree"]
[WhiteElo "1710"]
[BlackElo "1780"]
[Result "0-1"]
[Round "1"]
1.d4 c6
2.e4 d5
3.e5 f6
4.exf6 exf6
5.Qd1e2 Bf8e7
6.g3 h5
7.Bf1g2 g5
8.Bc1d2 Bc8f5
9.Bd2e3 Qd8d6
10.Ng1f3 Qd6b4
11.c3 Qb4d6
12.O-O h4
13.gxh4 gxh4
14.Nf3d2 Ng8h6
15.Qe2h5 Kd7
16.Qh5xh4 Nh6f7
17.Qh4f4 Qd6e6
18.Qf4f3 Bf5g4
19.Qf3g3 Nf7g5
20.Be3f4 Ng5h3
21.Kh1 Qe6f5
22.Bf4xb8 Ra8xb8
23.f3 Be7d6
24.Qg3xg4 Qf5xg4
25.fxg4 Nh3f4
26.Nd2f3 Rb8g8
27.h4 Rg8xg4
28.Rf1g1 Nf4e2
29.Rg1e1 Ne2f4
30.Bg2f1 Rg4g3
31.Nb1d2 Rh8g8
32.Re1e3 Nf4h3
33.Ra1e1 Rg3g1
34.Nf3xg1 Rg8xg1

0-1

[Event "Tourn. n8304"]
[Site "www.chess-mail.com"]
[Date "2015.07.20"]
[Round "1"]
[White "Mitja"]
[Black "Bojan"]
[WhiteElo "1660"]
[BlackElo "1890"]
[Result "1/2-1/2"]
[Round "1"]
1.d4 d5
2.e3 a6
3.c3 Nb8c6
4.h3 g6
5.Ng1f3 Bf8g7
6.Nb1d2 e5
7.dxe5 Nc6xe5
8.Nf3xe5 Bg7xe5
9.Nd2f3 Be5f6
10.Bf1e2 Bc8e6
11.Nf3d4 Be6d7
12.Nd4f3 Ng8e7
13.Qd1b3 Bd7c6
14.Nf3d4 Qd8d6
15.Nd4xc6 Ne7xc6
16.Qb3xb7 O-O
17.Qb7b3 Nc6e5
18.O-O c6
19.Qb3c2 Bf6d8
20.b3 a5
21.a4 Bd8c7
22.f4 Ne5d7
23.Bc1b2 Nd7f6
24.c4 Nf6e4
25.Rf1d1 Bc7b6
26.Bb2d4 Bb6xd4
27.Rd1xd4 Ne4g3
28.Be2f3 Ng3f5
29.Rd4d3 Ra8c8
30.Bf3g4 Qd6f6
31.Qc2d1 Rf8d8
32.cxd5 Rd8xd5
33.Rd3xd5 cxd5
34.Ra1c1 Rc8d8
35.Bg4xf5 Qf6xf5
36.Rc1c5 Qf5e4
37.Kf2 d4
38.Qd1d2 dxe3
39.Qd2xe3 Qe4b4
40.Rc5c4 Qb4b8
41.g4 Rd8e8
42.Qe3f3 Qb8b6
43.Kg2 Re8e3
44.Qf3d1 Re3xb3
45.Rc4d4 Qb6c6
46.Kh2 Rb3b8
47.Rd4d8 Rb8xd8
48.Qd1xd8 Kg7
49.Qd8xa5 Qc6c2
50.Kg3 Qc2d3
51.Kh4 h6
52.Qa5e1 Qd3a6
53.a5 Qa6c8
54.Kg3 Qc8a6
55.Qe1e5 Kh7
56.Kf3 Qa6d3
57.Qe5e3 Qd3d5
58.Qe3e4 Qd5xa5
59.Qe4e3 { draw }
1/2-1/2

[Event "Tourn. n8299"]
[Site "www.chess-mail.com"]
[Date "2015.07.20"]
[Round "1"]
[White "Xkafi"]
[Black "Bojan"]
[WhiteElo "1960"]
[BlackElo "1890"]
[Result "0-1"]
[Round "1"]
1.e4 e5
2.Qd1h5 Qd8f6
3.Ng1f3 d6
4.Bf1c4 Bc8e6
5.Bc4b5 c6
6.Bb5a4 Bf8e7
7.Nf3g1 Ng8h6
8.h3 Nb8a6
9.d3 Na6c5
10.Ba4b3 Nc5xb3
11.axb3 Nh6g8
12.h4 g6
13.Qh5e2 h5
14.Ng1h3 Qf6g7
15.Nh3g5 Be6d7
16.Nb1c3 f6
17.Ng5h3 Ng8h6
18.f3 f5
19.Nh3g5 a6
20.Nc3a4 Be7d8
21.Bc1d2 b5
22.Na4c3 Nh6f7
23.Ng5h3 fxe4
24.Nc3xe4 Bd8e7
25.Bd2b4 c5
26.Bb4d2 Be7xh4
27.Nh3f2 Bh4e7
28.Ne4c3 O-O
29.Nc3d5 Be7d8
30.Bd2c3 Bd7c6
31.Nd5e3 Nf7h6
32.Nf2e4 Bd8c7
33.Ne4g5 Qg7f6
34.Ng5h3 Nh6f5
35.Ne3xf5 Qf6xf5
36.Bc3d2 Rf8e8
37.Qe2e3 Re8e7
38.Qe3g5 Qf5f7
39.Nh3f2 Bc7d8
40.Nf2e4 Re7e6
41.Qg5g3 Qf7f5
42.Ne4f2 Bc6b7
43.Qg3h2 Qf5f7
44.Nf2g4 Kh7
45.Ng4f2 Bd8f6
46.Nf2e4 Bf6e7
47.Bd2g5 d5
48.Bg5xe7 dxe4
49.Be7xc5 exf3
50.Rh1f1 f2
51.Rf1xf2 Qf7g7
52.g4 Qg7h6
53.Rf2f7 Kg8
54.Rf7xb7 e4
55.d4 Qh6e3
56.Qh2e2 Qe3g3
57.Qe2f2 Qg3xf2
58.Kxf2 e3
59.Ke2 hxg4
60.d5 Re6e5
61.Ra1d1 g3
62.Bc5xe3 Ra8e8
63.Rd1d3 Re8f8
64.Kd2 g2
65.d6 Re5xe3
66.Rd3xe3 g1Q
67.Rb7e7 Qg1h2
68.Kc3 Qh2xd6
69.Re7e6 Rf8c8
{ resign }
0-1